LDR 00846naa#a2200169#i#450# 001 RU\\bibl\118692 005 20260515033226.5 011 ## _a1994-4683 100 ## _a20230428b2023####ek#y0rusy0150####ca 102 ## _aRU 200 1# _aКОМПЛЕКСНЫЙ ПОДХОД В РАЗВИТИИ РЕЧЕВОГО ДЫХАНИЯ У ДЕТЕЙ С ТЯЖЕЛЫМИ НАРУШЕНИЯМИ РЕЧИ _eЖурнальная статья 210 1# _aМосква _cНациональный государственный Университет физической культуры, спорта и здоровья им. П.Ф. Лесгафта _d2023 215 ## _a6 с. 608 ## _aЖурнальная статья _2local 675 ## _aс дефектами речи, с заиканием. 376.37 _z 700 #1 _aЗаходякина _gК Ю 856 4# _auchzapiski.lesgaft.spb.ru _u